000 01068nam0a22002771 4500
001 RU\INFOCOMM_327\NLR\5000016613
005 20250613105054.0
035 _a(NLR Aleph) 009518141
090 _a8809666
_c8809666
100 _a20121217d1984 |||y0rusy50 ca
101 0 _aeng
102 _aRU
105 _ay z |||||
200 1 _aAutomated interpretation method and technology of air-space photographs for forest inventory in the North-East part of the USSR
_eUN Intern. training workshop on Earth remote sensing data practical applications for forestry, Moscow, USSR, May 21 - June 9, 1984
_fL. A. Kuzenkov
210 _aM.
_d1984
215 _a7 с.
_d20 см
225 1 _aUnited Nations Organization
_v17
606 0 _aАэрофотография в лесной таксации
_xАвтоматизация
_91086828
_3RU\NLR\AUTH\66106720
620 _aМосква
686 _aП362в9
_2rubbk
700 1 _aKuzenkov
_bL. A.
801 1 _aRU
_bInfocomm
_c20121217
801 0 _aRU
_bINFOCOMM
_gPSBO
852 _aNLR
_jС61 Д-4/41
942 _cBOOK
980 _aNB